logo

Bir Sreshtho Munshi Abdur Rouf Library
Jhenaidah Cadet College

Introduction to the atmosphere / (Record no. 4145)

MARC details
000 -LEADER
fixed length control field 00628nam a2200241 a 4500
001 - CONTROL NUMBER
JCCL Control Number 4145
003 - CONTROL NUMBER IDENTIFIER
JCCL marc code BD-JhCC
005 - DATE AND TIME OF LATEST TRANSACTION
control field 20171123164042.0
008 - FIXED-LENGTH DATA ELEMENTS--GENERAL INFORMATION
fixed length control field 931129s1965 -usabop 001 0 eng d
035 ## - SYSTEM CONTROL NUMBER
system control number (BD-JhCC)4145
040 ## - CATALOGING SOURCE
Original cataloging agency BD-JhCC
Modifying agency BD-JhCC
041 ## - LANGUAGE CODE
Language code of Book eng
050 #0 - LIBRARY OF CONGRESS CALL NUMBER
Classification number QC861
Item number R5
082 ## - DEWEY DECIMAL CLASSIFICATION NUMBER
Classification number 523.01
Author mark and Year RIE 1965
100 1# - MAIN ENTRY--PERSONAL NAME
Personal name Riehl, Herbert.
245 10 - TITLE STATEMENT
Title Introduction to the atmosphere /
Statement of responsibility, etc Herbert Riehl
260 ## - PUBLICATION, DISTRIBUTION, ETC. (IMPRINT)
Place of publication, distribution, etc New York ;
-- London :
Name of publisher, distributor, etc McGraw-Hill,
Date of publication, distribution, etc [1965]
300 ## - PHYSICAL DESCRIPTION
Pagination xi, 365 p. :
Other physical details ill. ;
Dimensions 23 cm
504 ## - BIBLIOGRAPHY, ETC. NOTE
Bibliography, etc Bibliography: p. 347-350
650 #0 - SUBJECT ADDED ENTRY--TOPICAL TERM
Topical term or geographic name as entry element Atmosphere.
942 ## - ADDED ENTRY ELEMENTS (KOHA)
Source of classification or shelving scheme Dewey Decimal Classification
Koha item type Books
Holdings
Source of classification or shelving scheme Damaged status Not for loan Home library Current library Shelving location Date of accession Total Checkouts Full call number Barcode Date last seen Copy number Koha item type
Dewey Decimal Classification     JCC Rouf Library JCC Rouf Library General Stacks 11/23/2017   523.01 RIE 1965 5770 11/23/2017 C- 1 Books

JCC Library | Contacts | JCC Home

Last Update on 23 September 2017
Copyright @ 2017-2020 JCC Rouf Library
Rouf Library, Jhenidah Cadet College (JCC), Bangladesh